|
|
|
|
| LEADER |
00854nam a22002412a 4500 |
| 001 |
000708341 |
| 003 |
CZ BrMZK |
| 005 |
20190530103846.0 |
| 007 |
ta |
| 008 |
040311s1924 xr e cze d |
| 015 |
|
|
|a cnb000346831
|
| 040 |
|
|
|a ABA001
|b cze
|c OSA001
|d BOA001
|d ABA001
|
| 100 |
1 |
|
|a Šrom, Josef Eduard,
|d 1888-1942
|7 jk01131027
|4 aut
|
| 245 |
1 |
0 |
|a Sovětské Rusko /
|c naps. Josef Šrom
|
| 260 |
|
|
|a Praha :
|b Orbis,
|c 1924
|
| 300 |
|
|
|a 418, 1 s., 1 l. :
|b 1 příl. ;
|c 8°
|
| 490 |
1 |
|
|a Politická knihovna ;
|v III
|
| 830 |
|
0 |
|a Politická knihovna (Orbis)
|0 s
|
| 910 |
|
|
|a BOA001
|b 1-0335.539
|b 2-0071.098,1/3
|
| 990 |
|
|
|a BK
|
| 993 |
|
|
|a Y
|
| 996 |
6 |
|
|b 2619188732
|c 2-0071.098,1/3
|l MZK
|r Sklad / do 24 hodin
|n 0
|w 000708341
|u 000030
|a 1
|e BOA001
|j MZK50
|s P
|
| 996 |
6 |
|
|b 2619205858
|c 1-0335.539
|l MZK
|r Sklad / do 1 hodiny
|n 6
|w 000708341
|u 000010
|a 1
|e BOA001
|j MZK50
|s P
|